| 000 | 00361nam a2200133Ia 4500 | ||
|---|---|---|---|
| 005 | 20251222142006.0 | ||
| 008 | 251222s9999||||xx |||||||||||||| ||spa|| | ||
| 082 | _a370.985/P19 | ||
| 100 | _aPalacios, Gloria Helfer | ||
| 245 | 0 | _aEducación Libre de Corrupción | |
| 250 | _a1ra.ed. | ||
| 264 | _bOficina Palermentaria Congresista Gloria Helfer | ||
| 942 | _cLIB | ||
| 999 |
_c10167 _d10167 |
||